000 00581nam a2200205Ia 4500
001 17227
003 GE_BSU
008 181216s||||||||xx |||||||||||||| ||und||
040 _cGE_BSU
080 _a821.161.1-32
100 _aტოლსტოი, ლ. (1828-1910)
245 _aყაზახები
245 _cთარგმნილი დავით კასრაძის მიერ
260 _aთბილისი
260 _bშრომა
260 _c1928
300 _a251გვ. ; 18სმ
653 _aყაზახები
942 _cBK
999 _c50288
_d50288